Fundamentos de Geomorfología / (Record no. 127197)

MARC details
000 -LEADER
campo de control de longitud fija 00715nam a2200205 4500
001 - NÚMERO DE CONTROL
campo de control 127197
003 - IDENTIFICADOR DE NÚMERO DE CONTROL
campo de control ES-MaACL
005 - FECHA Y HORA DE LA ÚLTIMA TRANSACCIÓN
campo de control 20251113143352.0
007 - CAMPO FIJO DE DESCRIPCIÓN FÍSICA--INFORMACIÓN GENERAL
campo de control de longitud fija t|
008 - DATOS DE LONGITUD FIJA--INFORMACIÓN GENERAL
campo de control de longitud fija 070214s1983 sp r ||||1| spa d
100 1# - ENTRADA PRINCIPAL--NOMBRE DE PERSONA
Nombre de persona Rice, R. J.
9 (RLIN) 96890
245 10 - MENCIÓN DEL TÍTULO
Título Fundamentos de Geomorfología /
Mención de responsabilidad, etc. R. J. Rice ; [traducido por Guillermo Meléndez Hevia, María Pilar Villar Saldaña ; revisado por Mateo Gutiérrez Elorza].
260 ## - PUBLICACIÓN, DISTRIBUCIÓN, ETC.
Lugar de publicación, distribución, etc. Madrid :
Nombre del editor, distribuidor, etc. Paraninfo,
Fecha de publicación, distribución, etc. 1983.
300 ## - DESCRIPCIÓN FÍSICA
Extensión IX, 392 p. ;
Dimensiones 19 cm.
700 1# - ENTRADA AGREGADA--NOMBRE PERSONAL
Nombre de persona Meléndez Hevia, Guillermo.
9 (RLIN) 79923
700 1# - ENTRADA AGREGADA--NOMBRE PERSONAL
Nombre de persona Villar Saldaña, María Pilar.
9 (RLIN) 115103
700 1# - ENTRADA AGREGADA--NOMBRE PERSONAL
Nombre de persona Gutiérrez Elorza, Mateo,
Fechas asociadas al nombre 1941-
9 (RLIN) 61144
852 ## - LOCALIZACIÓN
Ubicación ES-MaACL
Número de control de estantería L-4888
Holdings
Estatus retirado Estado de pérdida Estado de daño No para préstamo Biblioteca de origen Biblioteca actual Ubicación en estantería Fecha de adquisición Fuente de adquisición Total de préstamos Signatura topográfica completa Código de barras Visto por última vez Precio de reemplazo Tipo de ítem Koha
        Biblioteca del Ateneo de Madrid Biblioteca del Ateneo de Madrid Depósito 2 17/01/2008     L-4888 1132482 23/02/2023 23/02/2023 Libro impreso